000 00998nam a2200217 i 4500
001 43231
003 ES-MaACL
005 20230906160745.0
007 t|
008 030317s1894 sp ||||1| spa d
100 1 _aCastro y Casaleiz, Antonio de.
_936968
245 1 0 _aCondición de los hijos de extranjero nacidos en Venezuela según el artículo 5º de la nueva Constitución de aquella República
_b: informe sometido al ... sr. Segismundo Moret /
_cpor Antonio de Castro y Casaleiz.
260 _aMadrid :
_b[s.n.],
_c1894 (
_fTomás Minuesa de los Rios)
300 _a21 p. ;
_c26 cm.
500 _a"Publicado de orden del Sr. Ministro de Estado en el Boletín Oficial del Ministerio del mes de enero de 1894"
530 _aDisponible en formato digital.
650 4 _aNacionalidad-
_zVenezuela.
_9157517
650 4 _aNaturalización-
_zVenezuela.
_9157518
852 _aES-MaACL
_jT-980-F-9
856 _uhttp://bdh-rd.bne.es/viewer.vm?id=0000079513&page=1
_zBiblioteca Digital Hispánica
999 _c43231
_d43231